| 000 | 00829nam a2200241 a 4500 | ||
|---|---|---|---|
| 001 | 000043392 | ||
| 003 | DO-SdBNP | ||
| 005 | 20240927073749.0 | ||
| 008 | 140312s2000 dr a 000 0 spa d | ||
| 040 |
_aDO-SdBNP _bspa _cBNPHU |
||
| 082 |
_a942 _bB171r |
||
| 100 | 1 |
_a Balaguer, Joaquín, _d1906-2002 _976556 |
|
| 245 | 1 | 3 |
_aLa raza inglesa : _b(compendio de la historia de Inglaterra) / _cJoaquín Balaguer. |
| 260 |
_aSanto Domingo : _bCorripio, _c2000. |
||
| 300 |
_a245 p : _bil. ; _c23 cm. |
||
| 500 | _aIncluye referencias bibliográficas y notas al pie de las páginas | ||
| 504 | _aBibliografía: p. 245. | ||
| 590 | _aInventariado, 2019/MFF | ||
| 651 | 1 | 4 |
_aGran Bretaña _xHistoria _918109 |
| 651 | 1 | 4 |
_aInglaterra _xVida social y costumbres _971054 |
| 910 | _aValidado. Control de calidad EMS | ||
| 942 |
_2ddc _cLBS1 |
||
| 999 |
_c42881 _d42881 |
||